Technologies for basic needs
Suggesting new criteria for establishing socially oriented technology policies in the developing economy
Đã lưu trong:
| Tác giả chính: | |
|---|---|
| Định dạng: | Sách |
| Ngôn ngữ: | Undetermined |
| Được phát hành: |
Geneva
International Labour Office
1977
|
| Những chủ đề: | |
| Các nhãn: |
Thêm thẻ
Không có thẻ, Là người đầu tiên thẻ bản ghi này!
|
| Thư viện lưu trữ: | Trung tâm Học liệu Trường Đại học Cần Thơ |
|---|
| LEADER | 00682nam a2200205Ia 4500 | ||
|---|---|---|---|
| 001 | CTU_86929 | ||
| 008 | 210402s9999 xx 000 0 und d | ||
| 082 | |a 338.927 | ||
| 082 | |b S617 | ||
| 100 | |a Singer, Hans | ||
| 245 | 0 | |a Technologies for basic needs | |
| 245 | 0 | |c Hans Singer | |
| 260 | |a Geneva | ||
| 260 | |b International Labour Office | ||
| 260 | |c 1977 | ||
| 520 | |a Suggesting new criteria for establishing socially oriented technology policies in the developing economy | ||
| 650 | |a Technology,Công nghệ | ||
| 650 | |x Developing countries,Quốc gia đang phát triển | ||
| 904 | |i Nguyên | ||
| 980 | |a Trung tâm Học liệu Trường Đại học Cần Thơ | ||